Pressurized Irrigation Network Systems in India: (Record no. 185936)

MARC details
000 -LEADER
fixed length control field 00756nam a22002057a 4500
005 - DATE AND TIME OF LATEST TRANSACTION
control field 20220211105012.0
010 ## - LCCN (DPL NO)
LC control number ENG-131524
020 ## - INTERNATIONAL STANDARD BOOK NUMBER
International Standard Book Number 9789387997325
Terms of availability 500.00
035 ## - SYSTEM CONTROL NUMBER
System control number EN-115056
037 ## - SOURCE OF ACQUISITION
Source of stock number/acquisition DBAD
082 ## - DEWEY DECIMAL CLASSIFICATION NUMBER
Classification number 333.9130954
100 ## - MAIN ENTRY--PERSONAL NAME
Personal name Swain, Mrutyunjay
245 ## - TITLE STATEMENT
Title Pressurized Irrigation Network Systems in India:
Remainder of title Adoption, Efficiency and Institutional Dynaics/
Statement of responsibility, etc Mrutyunjay Swain, S.S. Kalamkar, Hemant Sharma
260 ## - PUBLICATION, DISTRIBUTION, ETC. (IMPRINT)
Place of publication, distribution, etc New Delhi
Name of publisher, distributor, etc Allied Publishers Private Limited
Date of publication, distribution, etc 2018
270 ## - ADDRESS
Address 1/13-14, Asaf Ali Road
City New Delhi
Postal code 110002
Electronic mail address delhi.books@alliedpublishers.com
300 ## - PHYSICAL DESCRIPTION
Extent xvii, 182p.
Other physical details Refrences
Dimensions 25cm(hbk)
700 ## - ADDED ENTRY--PERSONAL NAME
Personal name Kalamkar, S.S.
700 ## - ADDED ENTRY--PERSONAL NAME
Personal name Sharma, Hemant
942 ## - ADDED ENTRY ELEMENTS (KOHA)
Source of classification or shelving scheme Dewey Decimal Classification
Item type English Books
Classification part 333.9130954
Call number suffix SWA
Holdings
Withdrawn status Lost status Not for loan Collection code Home library Current library Date acquired Source of acquisition Cost, normal purchase price Full call number Barcode Copy number Cost, replacement price Koha item type
      Non-fiction Bawana Bawana 11/02/2022 DBAD/PUB 500.00 333.9130954 SWA EN-115056 1 500.00 English Books

© Delhi Public Library
Hit Counter
free hit counter